|
|
|
|
| LEADER |
00000nam a2200000 c 4500 |
| 005 |
20120925154911.0 |
| 007 |
cr|||| |||| |
| 008 |
120529s2011 sp o000 0 spa c |
| 017 |
|
|
|a DL SE. 7228-2011
|
| 020 |
|
|
|a 9788473514132
|
| 035 |
|
|
|a 6274
|
| 040 |
|
|
|d vLex
|
| 090 |
|
|
|c 3466
|d 3466
|
| 100 |
1 |
|
|a Přez Gl̀vez, Juan Francisco
|
| 245 |
1 |
0 |
|a Incidencia del Estatuto Bs̀ico del Empleado Pb︢lico en el acceso al empleo del personal de los servicios de salud
|h [Recurso electrn̤ico] /
|c Juan Francisco Přez Gl̀vez
|
| 256 |
|
|
|a Servicio en ln̕ea
|
| 260 |
|
|
|a Madrid :
|b Instituto Nacional de Administracin̤ Pb︢lica,
|c 2011
|
| 300 |
|
|
|a 1 recurso electrn̤ico
|
| 504 |
|
|
|a Notas. Bibliografa̕
|
| 506 |
1 |
|
|a Contenido solo disponible en los productos indicados
|d vLex Global
|d vLex Global (Academic Edition, excluding Law Schools)
|d vLex Global (U.S. Academic Edition, Law Schools)
|d vLex Global (U.S. Academic Edition, excluding Law Schools)
|d vLex Global (Academic Edition, Law Schools)
|
| 650 |
0 |
4 |
|a Personal sanitario
|
| 650 |
0 |
4 |
|a Funcionarios
|
| 650 |
0 |
4 |
|a Salud pb︢lica
|
| 651 |
0 |
4 |
|a Espaą
|
| 710 |
2 |
|
|a Instituto Nacional de Administracin̤ Pb︢lica (Espaą)
|
| 740 |
0 |
|
|a vLex Libros (Servicio en ln̕ea)
|
| 830 |
|
0 |
|a Monografa̕s (Instituto Nacional de Administracin̤ Pb︢lica (Espaą))
|
| 856 |
|
|
|u http://vlex.com/source/incidencia-estatuto-basico-empleado-publico-acceso-empleo-personal-servicios-salud-6618
|z Acceso restringido
|
| 942 |
|
|
|c BOOK
|
| 999 |
0 |
|
|a Public health personnel
|
| 999 |
0 |
|
|a Public officers
|
| 999 |
0 |
|
|a Public health
|